000 00756nam a2200241 a 4500
001 13249
003 BD-JhCC
005 20230801090405.0
008 230623s2018 bg a|||| ||a| 00| 0 ben d
020 _a97898488811978
035 _a(BD-JhCC)13248
040 _aBD-JhCC
_dBD-JhCC
041 _aben
082 _a891.4435
_bHAB 2018
100 _aহাবীব, আহসান
245 _aছোটদের স্কুলের গল্প /
_cআহসান হাবীব
260 _aঢাকা :
_bঘাসফড়িং,
_c২০২০
300 _a৯৬পৃ. :
_c২৩ সেমি.
_bরঙিন পৃষ্ঠা;
650 _aChildren stories
650 _aJuvenile Literature
942 _2ddc
_cBK
999 _c13249
_d13249